| 000 | 00489nam a2200193Ia 4500 | ||
|---|---|---|---|
| 005 | 20260429112149.0 | ||
| 008 | 260429s9999||||xx |||||||||||||| ||und|| | ||
| 020 | _a9788131608487 | ||
| 041 | _aEnglish | ||
| 082 |
_a363.7 _bSAX |
||
| 100 | _aSaxena, H. M. | ||
| 245 | 0 |
_aEnvironmental geography / _cH. M. Saxena |
|
| 250 | _a1st ed. | ||
| 260 |
_aJaipur : _bRawat Publications, _c2023. |
||
| 300 | _axvi, 403 p.; hb | ||
| 650 | _a Environment | ||
| 650 | _aGeography | ||
| 942 | _cTB | ||
| 999 |
_c52675 _d52675 |
||